00681nam a22002057a 4500999001900000005001700019010001300036020002600049035001300075037002500088082000600113100002300119245005800142260003600200270001300236300003100249700002000280942002000300952015500320 c168285d16828520191003114329.0 aB-730474 c525.00a9789352751044 aB-730474 bScholastic Inc adpl aS aTelgemeier, Raina  aSmile /bby Raina Telgemeier; color by Stephanie Yue aNew YorkbScholastic Inc c2017 bNew York a213p. c21cm (pbk)billus. aYue, Stephanie  2ddccCHhSmTEL 001040708FICaAVbAVd2019-10-03eGift/ Eng /26.09.2019g525.00l24m8oS TELpB-730474r2026-06-22 15:34:15s2026-05-11t1v525.00w2019-10-03yCH